| 000 | 00965nam a22003017a 4500 | ||
|---|---|---|---|
| 001 | 7099 | ||
| 003 | FISKH | ||
| 005 | 20250623091954.0 | ||
| 008 | 250623b cb ||||| |||| 00| 0 eng d | ||
| 020 | _a0307613253 | ||
| 040 |
_aFISKH _beng _cFISKH _dFISKH |
||
| 050 | _aQL767 .D66 | ||
| 082 | _a591.47 | ||
| 100 | _aDonati, Annabelle | ||
| 245 |
_aAnimal camoufage / _cBy Annabelle Donati : Illustrated by Paul Mirocha |
||
| 260 |
_aNew York : _bA Golden Book , _c1995. |
||
| 300 |
_a32 pages : _bcolor illustrations ; _c28 cm. |
||
| 490 | _aOVer 300 Fun Facts for Curious Kids | ||
| 505 | _aL | ||
| 520 | _aQuestions and answers relate how animals use camouflage to hide in their environments. | ||
| 521 | 8 |
_a550
_bLexile estimate |
|
| 521 | 8 |
_aL
_bRaz-Plus |
|
| 650 |
_aQuestions and answers _vNon-fiction |
||
| 650 |
_aWalking sticks _vNon-fiction |
||
| 700 |
_aMirocha, Paul _eIllustrator |
||
| 942 |
_2ddc _cBK _n0 |
||
| 999 |
_c7099 _d7099 |
||